I know that / (Record no. 104850)
[ view plain ]
| 000 -LEADER | |
|---|---|
| fixed length control field | 00654nam a2200193 a 4500 |
| 005 - DATE AND TIME OF LATEST TRANSACTION | |
| control field | 20140412111329.0 |
| 008 - FIXED-LENGTH DATA ELEMENTS--GENERAL INFORMATION | |
| fixed length control field | 030212s19uu xx 00 eng d |
| 020 ## - INTERNATIONAL STANDARD BOOK NUMBER | |
| International Standard Book Number | 0-383-03633-X |
| 050 ## - LIBRARY OF CONGRESS CALL NUMBER | |
| Classification number | BB |
| Item number | Ik2 1994 |
| 100 ## - MAIN ENTRY--PERSONAL NAME | |
| Personal name | Loves, June |
| 245 ## - TITLE STATEMENT | |
| Title | I know that / |
| Statement of responsibility, etc | written by June Loves ; illustrated by Craig Smith. |
| 260 ## - PUBLICATION, DISTRIBUTION, ETC. (IMPRINT) | |
| Place of publication, distribution, etc | Singapore : |
| Name of publisher, distributor, etc | SRA Macmillan/McGraw-Hill, |
| Date of publication, distribution, etc | 1994. |
| 300 ## - PHYSICAL DESCRIPTION | |
| Extent | 16 p. ; ill. |
| 440 ## - SERIES STATEMENT/ADDED ENTRY--TITLE | |
| Title | Voyages |
| 520 ## - SUMMARY, ETC. | |
| Summary, etc | A smartypants girl, who thinks she know everything about the dangerous animals she meets, comes to an untimely end. |
| 650 ## - SUBJECT ADDED ENTRY--TOPICAL TERM | |
| Topical term or geographic name as entry element | Animals--Fiction |
| 650 ## - SUBJECT ADDED ENTRY--TOPICAL TERM | |
| Topical term or geographic name as entry element | Pride and vanity--Fiction |
| Withdrawn status | Lost status | Damaged status | Use restrictions | Home library | Current library | Shelving location | Date acquired | Source of acquisition | Cost, normal purchase price | Total Checkouts | Full call number | Barcode | Date last seen | Price effective from | Koha item type |
|---|---|---|---|---|---|---|---|---|---|---|---|---|---|---|---|
| Elizalde Library | Elizalde Library | Big Books Section | 02/12/2003 | 400.00 | BB Ik2 1994 | E8836 | 04/12/2014 | 04/12/2014 | Books |